Language Quiz

Random Language or French Quiz

French Conjugations in the Present Tense Quiz Stats

 Plays Quiz not verified by Sporcle

Challenge
Share
Tweet
Embed
Score 0/168 Timer 20:00
0 Plays Today
% Correct
ai
97.8%
as
96.1%
a
96%
avons
94.2%
avez
93.5%
suis
93.3%
es
92.4%
ont
91.9%
est
91.4%
sommes
91%
sont
89.8%
fais
89.7%
fais
89.6%
fait
88.9%
êtes
88.7%
faisons
85.6%
va
83.7%
allez
83.4%
allons
83.3%
vas
83.2%
vais
82.8%
vont
79.6%
peut
79.2%
peux
78.9%
pouvons
78.9%
pouvez
78.7%
peux
78.5%
font
78.4%
veut
78%
veux
77.9%
veux
77.7%
voulons
77.5%
voulez
77.5%
faites
75.5%
sais
72.4%
sais
72.4%
sait
72.4%
devons
72%
devez
72%
savons
71.9%
savez
71.9%
peuvent
71.4%
doit
71.3%
dois
71.2%
dois
71.2%
connais
70.1%
connais
70.1%
connaît
70%
veulent
69.6%
savent
67.6%
viens
63.6%
viens
63.5%
venez
63%
lis
62.9%
lis
62.9%
lit
62.9%
% Correct
doivent
62.8%
vient
62.8%
venons
62.8%
dis
62.7%
dis
62.6%
dit
62.6%
écris
61.3%
écris
61.2%
écrit
61.1%
achète
61.1%
achète
60.8%
achètes
60.7%
vois
60.6%
voit
60.6%
lisons
60.6%
vois
60.5%
lisez
60.5%
lisent
60.5%
achetons
60.5%
achetez
60.4%
achètent
59.8%
met
59.6%
mets
59.4%
mets
59.3%
mettez
59%
mettons
59%
connaissons
58.9%
mettent
58.8%
disons
58.4%
connaissez
58.3%
courez
58.3%
courons
58.2%
conduis
58.2%
conduit
58.2%
conduis
58.1%
nais
57.7%
nais
57.7%
naît
57.7%
courent
57.3%
connaissent
57.1%
cours
57%
cours
57%
court
56.7%
ouvrons
56%
ouvrez
56%
ouvre
55.5%
ouvrent
55.4%
appelle
55.3%
appelle
55.2%
appelles
55.1%
ouvres
55%
disent
55%
ouvre
54.8%
appelez
54.6%
appelons
54.5%
viennent
54.4%
% Correct
vivons
54.3%
vivez
54.3%
vivent
54.2%
vis
54.1%
vis
54.1%
vit
54.1%
appellent
53.2%
suis
52.7%
suis
52.6%
suit
52.1%
envoyons
51.6%
envoyez
51.5%
écrivons
51.3%
écrivez
51.2%
suivent
51.2%
suivons
51.1%
suivez
51.1%
écrivent
51.1%
mourez
50.8%
mourons
50.7%
essayons
49.9%
essayez
49.9%
envoie
49.7%
envoies
49.6%
envoie
49.6%
voyez
49.5%
voyons
49.4%
conduisons
49.1%
conduisez
49.1%
essaie
48.9%
essaie
48.9%
envoient
48.8%
essaies
48.8%
naissons
48.8%
naissez
48.7%
conduisent
48.7%
jetons
48.3%
jetez
48.3%
essaient
48.3%
naissent
47.8%
meurs
47.2%
voient
47.2%
meurs
47.1%
meurt
47%
dites
46.5%
meurent
46.2%
jettent
46.2%
jettes
46%
jette
45.9%
jette
45.9%
recevez
44.2%
recevons
44.1%
reçois
41.3%
reçois
41.2%
reçoit
41%
reçoivent
35.4%

You're not logged in!

Compare scores with friends on all Sporcle quizzes.
Join for Free
OR
Log In

You Might Also Like...

Show Comments

Extras

Top Quizzes Today


Score Distribution

Your Account Isn't Verified!

In order to create a playlist on Sporcle, you need to verify the email address you used during registration. Go to your Sporcle Settings to finish the process.

Report this User

Report this user for behavior that violates our Community Guidelines.

Details: